000 00325nam a22001097a 4500
008 150601b xxu||||| |||| 00| 0 eng d
020 _a0070479097
041 0 _aeng
080 _a658
245 1 0 _aHandbook of material & capacity requirements planning /
942 _2udc
_cBK
999 _c958
_d958